000 00413nam a2200181Ia 4500
001 604
005 20260306140530.0
008 260306t2005||||xx |||||||||||||| ||spa||
041 _aESP
082 _a128
_bO27
100 _aOcampo Ponce, Manuel
_eAUT
245 0 _aFilosofía de la cultura
260 _c2005
300 _a249 páginas :
_c21 cm
650 _aGEN
654 _aCHU
942 _cLIB
_dJUS
_fJUS
_2ddc
_n
999 _c604
_d604